00282nam a22000857a 4500008004100000082002100041245006900062260005700131300000800188230621b xxu||||| |||| 00| 0 eng d a328.30bCPA 1980 aSummary of Proceedings of the Twenty-Ninth Parliamentary Seminar aLondonbCommonwealth Parliamentary Associationc1980 a96p